Campaigning manual. (Record no. 78016)

MARC details
000 -LEADER
fixed length control field 00808nam a2200193 a 4500
008 - FIXED-LENGTH DATA ELEMENTS--GENERAL INFORMATION
fixed length control field 090323s2001 ||||||||||||||||| || u
020 ## - INTERNATIONAL STANDARD BOOK NUMBER
International Standard Book Number 0862102715
050 ## - LIBRARY OF CONGRESS CALL NUMBER
Classification number JC 571 Amn
100 ## - MAIN ENTRY--PERSONAL NAME
Personal name Amnesty International
245 10 - TITLE STATEMENT
Title Campaigning manual.
260 ## - PUBLICATION, DISTRIBUTION, ETC.
Place of publication, distribution, etc. London:
Name of publisher, distributor, etc. Amnesty International Publications
Date of publication, distribution, etc. 2001.
300 ## - PHYSICAL DESCRIPTION
Extent vi, 325p.: ill.
350 ## -
-- 0.00
650 #0 - SUBJECT ADDED ENTRY--TOPICAL TERM
Topical term or geographic name entry element HUMAN RIGHTS
650 ## - SUBJECT ADDED ENTRY--TOPICAL TERM
Topical term or geographic name entry element RIGHTS
650 ## - SUBJECT ADDED ENTRY--TOPICAL TERM
Topical term or geographic name entry element HUMAN RIGHTS--HANDBOOKS, MANUALS, ETC
995 ## -
-- ANNEX COLLECTION (Main Library)
-- 0.00
-- 739814
-- CBU-MAIN LIBRARY (Kitwe)
-- 1
-- 0.00
-- JC 571 Amn
-- 2
-- AVAILABLE
-- May 5, 2009
-- 739814
-- Annex Low-Usage Collection
995 ## -
-- ANNEX COLLECTION (Main Library)
-- 0.00
-- 739813
-- CBU-MAIN LIBRARY (Kitwe)
-- 1
-- 0.00
-- JC 571 Amn
-- 1
-- AVAILABLE
-- May 5, 2009
-- 739813
-- Annex Low-Usage Collection
999 ## -
-- 78016
-- 78016
Holdings
Withdrawn status Lost status Source of classification or shelving scheme Damaged status Not for loan Permanent Location Current Location Shelving location Date acquired Total Checkouts Full call number Barcode Date last seen Copy number Price effective from Koha item type
          CBU-MAIN LIBRARY, KITWE. CBU-MAIN LIBRARY, KITWE.   05/03/2023   JC 571 Amn 739814 05/03/2023 1 05/03/2023 MONOGRAPH
          CBU-MAIN LIBRARY, KITWE. CBU-MAIN LIBRARY, KITWE.   05/03/2023   JC 571 Amn 739813 05/03/2023 2 05/03/2023 MONOGRAPH